| 000 | 00839cab a2200241 4500 | ||
|---|---|---|---|
| 001 | WB3501-02 | ||
| 008 | 090401t1998 xxu||||| |||| 00| 0 eng d | ||
| 035 | _a(Sirsi) u90420 | ||
| 041 | _aeng | ||
| 245 | _aMOD to pilot prime contracts | ||
| 260 | _c1998 | ||
| 350 | _a0 | ||
| 490 |
_aBuilding _v263(8068) 18 December 1998, 15(1) |
||
| 520 | _aThe MOD are likely to begin their initiative to introduce prime contracting by focussing on individual building projects rather than packages of work. It is hoped that prime contracting will increase the efficiency of the MOD`s procurement. | ||
| 650 | _aMINISTRY OF DEFENCE | ||
| 650 | _aMOD | ||
| 650 | _aPRIME CONTRACTING | ||
| 650 | _aPRIME CONTRACTS | ||
| 650 | _aProcurement-old | ||
| 690 | _aBUILT ENVIRONMENT-BUILDING CONTRACT FORMS | ||
| 942 | _n0 | ||
| 948 | _c21/12/1998 | ||
| 999 |
_c57329 _d57329 |
||